[Event "Southend Easter op 64th"]
[Site "Southend"]
[Date "2022.04.16"]
[Round "3"]
[White "Moore, John C"]
[Black "Hobson, Kenneth"]
[Result "1/2-1/2"]
[WhiteElo "1980"]
[BlackElo "1674"]
[PlyCount "61"]
[EventDate "2022.04.15"]
[EventType "swiss"]
[EventRounds "7"]
[EventCountry "ENG"]
[SourceTitle "CBM 207 Extra"]
[Source "ChessBase"]
[SourceDate "2022.05.31"]
[SourceVersion "1"]
[SourceVersionDate "2022.05.31"]
[SourceQuality "1"]

1. e4 e5 2. Nf3 Nc6 3. Bb5 a6 4. Ba4 Nf6 5. 0-0 b5 6. Bb3 Bc5 7. c3 d6 8. d4 Bb6 9. dxe5 Nxe5 10. Nxe5 dxe5 11. Qxd8+ Kxd8 12. Bg5 Bb7 13. Nd2 Ke8 14. Bxf6 gxf6 15. Rad1 Rd8 16. Rfe1 Ke7 17. Nf1 Rxd1 18. Bxd1 Rd8 19. Bc2 a5 20. Ng3 b4 21. cxb4 axb4 22. Rd1 Rxd1+ 23. Bxd1 Bc8 24. Kf1 Kd6 25. Nf5+ Kc5 26. Ke2 Be6 27. Bb3 Bc4+ 28. Kd2 Kb5 29. f3 Bf1 30. g3 Bh3 31. Bxf7 1/2-1/2

[Event "Southend op 59th"]
[Site "Southend"]
[Date "2015.04.04"]
[Round "4"]
[White "Willmoth, Robert"]
[Black "Moore, John C"]
[Result "1-0"]
[WhiteElo "2148"]
[BlackElo "2022"]
[PlyCount "81"]
[EventDate "2015.04.03"]
[EventType "swiss"]
[EventRounds "7"]
[EventCountry "ENG"]
[SourceTitle "EXT 2017"]
[Source "ChessBase"]
[SourceDate "2016.10.25"]
[SourceVersion "1"]
[SourceVersionDate "2016.10.25"]
[SourceQuality "1"]

1. c4 c6 2. g3 d5 3. Nf3 Nf6 4. Bg2 Bf5 5. 0-0 e6 6. b3 h6 7. Bb2 Be7 8. d4 0-0 9. e3 Nbd7 10. Qe2 a5 11. Nc3 Bh7 12. Rac1 Bb4 13. Nd2 Qe7 14. Rfd1 Rfe8 15. f4 Bf5 16. h3 h5 17. Kh2 g6 18. Bf3 Bxc3 19. Bxc3 a4 20. b4 a3 21. c5 b6 22. Kg2 bxc5 23. bxc5 Reb8 24. g4 hxg4 25. hxg4 Be4 26. Bxe4 dxe4 27. g5 Nd5 28. Nxe4 f5 29. Nd2 Nxc3 30. Rxc3 Rb2 31. Qc4 Kg7 32. Rc2 Rb5 33. Nb3 Rab8 34. Rh1 Rb4 35. Qc3 e5 36. dxe5 Qe6 37. Kg3 Rxb3 38. axb3 Rxb3 39. Qd4 Nf8 40. Kf3 Nd7 41. Rd1 1-0

[Event "Southend op 58th"]
[Site "Southend"]
[Date "2014.04.20"]
[Round "6"]
[White "Clarke, Sean A"]
[Black "Moore, John C"]
[Result "1/2-1/2"]
[WhiteElo "1930"]
[BlackElo "2026"]
[PlyCount "100"]
[EventDate "2014.04.18"]
[EventType "swiss"]
[EventRounds "7"]
[EventCountry "ENG"]
[SourceTitle "EXT 2016"]
[Source "ChessBase"]
[SourceDate "2015.10.08"]
[SourceVersion "1"]
[SourceVersionDate "2015.10.08"]
[SourceQuality "1"]

1. d4 d5 2. c4 c6 3. Nc3 Nf6 4. Bg5 e6 5. e3 Nbd7 6. Nf3 Qa5 7. Bxf6 Nxf6 8. Nd2 dxc4 9. Nxc4 Qc7 10. g3 b6 11. Bg2 Bb7 12. 0-0 Be7 13. Rc1 0-0 14. Ne5 a6 15. Qb3 Bd6 16. Nc4 b5 17. Nd2 Rfd8 18. Nde4 Nxe4 19. Nxe4 a5 20. a4 b4 21. f4 Bf8 22. Rc2 Rac8 23. Rfc1 Ba8 24. Nc5 Qb6 25. Be4 g6 26. h4 Bg7 27. Rc4 Rd6 28. Qc2 Rc7 29. h5 f5 30. Bf3 Rc8 31. Qb3 Kf7 32. R1c2 Qd8 33. hxg6+ hxg6 34. Nd3 g5 35. Ne5+ Bxe5 36. fxe5 Rd7 37. Rh2 g4 38. Bg2 Kg7 39. Rc1 Qe7 40. Kf2 Rh8 41. Rch1 Rxh2 42. Rxh2 Bb7 43. Qd1 Qg5 44. Qh1 Qg6 45. Qc1 f4 46. exf4 Rxd4 47. Kg1 Qf5 48. Kh1 Rd3 49. Qe1 Rd4 50. Rh4 Ba6 1/2-1/2

[Event "Southend op 58th"]
[Site "Southend"]
[Date "2014.04.18"]
[Round "2"]
[White "Eames, Robert"]
[Black "Moore, John C"]
[Result "1-0"]
[WhiteElo "2228"]
[BlackElo "2026"]
[PlyCount "63"]
[EventDate "2014.04.18"]
[EventType "swiss"]
[EventRounds "7"]
[EventCountry "ENG"]
[SourceTitle "EXT 2016"]
[Source "ChessBase"]
[SourceDate "2015.10.08"]
[SourceVersion "1"]
[SourceVersionDate "2015.10.08"]
[SourceQuality "1"]

1. e4 e5 2. Nf3 Nc6 3. Bb5 a6 4. Bxc6 dxc6 5. 0-0 f6 6. d4 Bg4 7. c3 Bd6 8. Be3 Qe7 9. Nbd2 g5 10. Qb3 0-0-0 11. dxe5 Bxe5 12. Nxe5 Qxe5 13. f4 gxf4 14. Rxf4 h5 15. Raf1 c5 16. h3 Be6 17. Qa3 c4 18. Nf3 Qd6 19. Qa5 Rh7 20. Nd4 Bd7 21. b3 Qe5 22. Qa3 Rg7 23. bxc4 Bxh3 24. R1f2 Ne7 25. Nf3 Qe6 26. Kh2 Bg4 27. Nd4 Qe5 28. Kg1 Bh3 29. Kf1 Rdg8 30. gxh3 Rg1+ 31. Ke2 R8g2 32. Nf3 1-0

[Event "BCF-chT2d 0809 (4NCL) Demotion pool"]
[Site "Hinckley Island"]
[Date "2009.05.02"]
[Round "9.6"]
[White "Borrowdale, Graham E"]
[Black "Moore, John C"]
[Result "1-0"]
[WhiteElo "2035"]
[BlackElo "2063"]
[PlyCount "65"]
[EventDate "2008.10.04"]
[EventType "team-tourn"]
[EventRounds "4"]
[EventCountry "ENG"]
[SourceTitle "EXT 2010"]
[Source "ChessBase"]
[SourceDate "2010.11.25"]
[SourceVersion "1"]
[SourceVersionDate "2010.11.25"]
[SourceQuality "1"]
[WhiteTeam "FCA Solutions"]
[BlackTeam "Barbican Youth"]
[WhiteTeamCountry "ENG"]
[BlackTeamCountry "ENG"]

1. c4 c6 2. d4 d5 3. Nf3 Nf6 4. Nc3 e6 5. e3 Nbd7 6. Bd3 dxc4 7. Bxc4 b5 8. Be2 Bb7 9. 0-0 Be7 10. e4 b4 11. e5 bxc3 12. exf6 Nxf6 13. bxc3 0-0 14. Rb1 Qc8 15. Qb3 Ba6 16. Bxa6 Qxa6 17. Bg5 h6 18. Bxf6 Bxf6 19. Rfe1 Rab8 20. Qxb8 Rxb8 21. Rxb8+ Kh7 22. h4 Qxa2 23. Reb1 Qc2 24. R1b7 a5 25. Ra8 Qxc3 26. h5 Qa1+ 27. Kh2 Bxd4 28. Rxf7 Bc5 29. Rd7 Qf6 30. Rdd8 g6 31. Rd7+ Be7 32. Re8 gxh5 33. Rexe7+ 1-0

[Event "BCF-chT2a 0809 (4NCL)"]
[Site "Hinckley Island"]
[Date "2008.10.04"]
[Round "1.5"]
[White "Player, Edmund C"]
[Black "Moore, John C"]
[Result "1/2-1/2"]
[WhiteElo "2125"]
[BlackElo "2063"]
[PlyCount "81"]
[EventDate "2008.10.04"]
[EventType "team-tourn"]
[EventRounds "7"]
[EventCountry "ENG"]
[SourceTitle "EXT 2010"]
[Source "ChessBase"]
[SourceDate "2010.11.25"]
[SourceVersion "1"]
[SourceVersionDate "2010.11.25"]
[SourceQuality "1"]
[WhiteTeam "Anglian Avengers"]
[BlackTeam "Barbican Youth"]
[WhiteTeamCountry "ENG"]
[BlackTeamCountry "ENG"]

1. e4 e5 2. Nc3 Nc6 3. Bc4 Nf6 4. d3 Bc5 5. f4 d6 6. Nf3 Bg4 7. Na4 Bb6 8. Nxb6 axb6 9. Bb5 0-0 10. Bxc6 bxc6 11. fxe5 dxe5 12. 0-0 Qd6 13. Kh1 Nd7 14. Qe1 f6 15. Be3 c5 16. a3 Rf7 17. Nh4 Nf8 18. Qg3 Bd7 19. Rf2 Kh8 20. Raf1 Re8 21. Rd2 Qe6 22. h3 Qc6 23. b3 Be6 24. Rdf2 Ra8 25. Nf3 Ng6 26. h4 Rxa3 27. h5 Nf4 28. Bxf4 exf4 29. Qxf4 Qd6 30. Qxd6 cxd6 31. Ng5 Re7 32. Nxe6 Rxe6 33. h6 Ra2 34. hxg7+ Kxg7 35. Kh2 Kg6 36. Kg3 h6 37. Kf4 b5 38. Rh1 c4 39. dxc4 bxc4 40. bxc4 Ra4 41. Re2 1/2-1/2

[Event "Paington op"]
[Site "Paington"]
[Date "2008.09.02"]
[Round "3"]
[White "Lewyk, Ihor"]
[Black "Moore, John C"]
[Result "1/2-1/2"]
[WhiteElo "2149"]
[BlackElo "2051"]
[PlyCount "45"]
[EventDate "2008.08.31"]
[EventType "swiss"]
[EventRounds "7"]
[EventCountry "ENG"]
[SourceTitle "EXT 2010"]
[Source "ChessBase"]
[SourceDate "2010.11.25"]
[SourceVersion "1"]
[SourceVersionDate "2010.11.25"]
[SourceQuality "1"]

1. Nf3 Nf6 2. d4 d5 3. e3 g6 4. Bd3 Bg7 5. Nbd2 Nbd7 6. 0-0 c5 7. c3 0-0 8. e4 dxe4 9. Nxe4 cxd4 10. Nxd4 Nxe4 11. Bxe4 Nc5 12. Bc2 e5 13. Nb3 Qxd1 14. Rxd1 Nxb3 15. Bxb3 Bf5 16. Bd5 Rfd8 17. Be3 Rd7 18. Rd2 Rad8 19. Rad1 b6 20. f3 h5 21. h3 Kf8 22. c4 Ke7 23. b3 1/2-1/2

[Event "BCF-chT2 0708 (4NCL)"]
[Site "Sunningdale"]
[Date "2008.05.04"]
[Round "10.6"]
[White "James, David J"]
[Black "Moore, John C"]
[Result "1/2-1/2"]
[WhiteElo "2188"]
[BlackElo "2054"]
[PlyCount "34"]
[EventDate "2007.09.15"]
[EventType "team-tourn"]
[EventRounds "11"]
[EventCountry "ENG"]
[SourceTitle "EXT 2023"]
[Source "ChessBase"]
[SourceDate "2022.10.05"]
[SourceVersion "1"]
[SourceVersionDate "2022.10.05"]
[SourceQuality "1"]
[WhiteTeam "SW Dragons"]
[BlackTeam "Barbican"]
[WhiteTeamCountry "ENG"]
[BlackTeamCountry "ENG"]

1. Nf3 Nf6 2. c4 c6 3. d4 d5 4. Nc3 e6 5. e3 Nbd7 6. Bd3 dxc4 7. Bxc4 b5 8. Bd3 Bb7 9. a3 a6 10. Ne4 Nxe4 11. Bxe4 Nf6 12. Bd3 c5 13. dxc5 Bxc5 14. Qe2 0-0 15. 0-0 Qe7 16. Rd1 Rfd8 17. Bd2 e5 1/2-1/2

[Event "BCF-chT2 0708 (4NCL)"]
[Site "Sunningdale"]
[Date "2008.05.03"]
[Round "9.5"]
[White "Savage, Ben D"]
[Black "Moore, John C"]
[Result "1-0"]
[WhiteElo "2315"]
[BlackElo "2054"]
[PlyCount "115"]
[EventDate "2007.09.15"]
[EventType "team-tourn"]
[EventRounds "11"]
[EventCountry "ENG"]
[SourceTitle "EXT 2023"]
[Source "ChessBase"]
[SourceDate "2022.10.05"]
[SourceVersion "1"]
[SourceVersionDate "2022.10.05"]
[SourceQuality "1"]
[WhiteTeam "Oxford"]
[BlackTeam "Barbican"]
[WhiteTeamCountry "ENG"]
[BlackTeamCountry "ENG"]

1. d4 d5 2. Nf3 Nf6 3. c4 c6 4. e3 e6 5. Nbd2 Nbd7 6. Bd3 Bd6 7. 0-0 0-0 8. e4 dxe4 9. Nxe4 Nxe4 10. Bxe4 h6 11. Bc2 c5 12. dxc5 Bxc5 13. Qe2 Qc7 14. b3 Be7 15. Rb1 Nf6 16. Bb2 Bd7 17. Ne5 Rfd8 18. Nxd7 Rxd7 19. Rbd1 Rad8 20. Rxd7 Nxd7 21. Rd1 Bf6 22. Bc1 Nc5 23. Rxd8+ Qxd8 24. Be3 b6 25. b4 Na6 26. a3 Nb8 27. Be4 Bd4 28. Qd3 e5 29. Bd5 Qf6 30. Qe4 Bxe3 31. fxe3 Qd6 32. Qf5 Qe7 33. Qc8+ Qf8 34. Qc7 a5 35. Qxb6 axb4 36. axb4 Nd7 37. Qb7 Qe7 38. Bc6 Qg5 39. Qxd7 Qxe3+ 40. Kf1 Qc1+ 41. Kf2 Qc2+ 42. Ke3 Qc3+ 43. Qd3 Qxb4 44. Bd5 Qb6+ 45. Ke2 Qb2+ 46. Qd2 Qb6 47. Qe3 Qb2+ 48. Qd2 Qb6 49. Kf1 Qb1+ 50. Qe1 Qd3+ 51. Kg1 Qd4+ 52. Qf2 Qa1+ 53. Qf1 Qa7+ 54. Kh1 g6 55. h3 Kg7 56. c5 f5 57. Qc1 h5 58. c6 1-0

[Event "BCF-chT2 0708 (4NCL)"]
[Site "Sunningdale"]
[Date "2008.03.01"]
[Round "7.6"]
[White "Lewis, Alex"]
[Black "Moore, John C"]
[Result "1-0"]
[WhiteElo "2172"]
[BlackElo "2057"]
[PlyCount "105"]
[EventDate "2007.09.15"]
[EventType "team-tourn"]
[EventRounds "11"]
[EventCountry "ENG"]
[SourceTitle "EXT 2023"]
[Source "ChessBase"]
[SourceDate "2022.10.05"]
[SourceVersion "1"]
[SourceVersionDate "2022.10.05"]
[SourceQuality "1"]
[WhiteTeam "Kings Head"]
[BlackTeam "Barbican"]
[WhiteTeamCountry "ENG"]
[BlackTeamCountry "ENG"]

1. e4 e5 2. f4 Bc5 3. Nf3 d6 4. Nc3 Nc6 5. Bb5 Nf6 6. d3 a6 7. Bxc6+ bxc6 8. fxe5 dxe5 9. Qe2 Qe7 10. Bg5 Rb8 11. Nd1 0-0 12. Rf1 Qd6 13. b3 a5 14. Ne3 Bb4+ 15. Kf2 Ng4+ 16. Kg1 f6 17. Nxg4 Bxg4 18. Be3 Bc3 19. Rad1 Rb4 20. h3 Bxf3 21. Rxf3 Bd4 22. a4 Rbb8 23. g4 Qc5 24. Bxd4 Qxd4+ 25. Qf2 c5 26. Kg2 Qxf2+ 27. Kxf2 Rfd8 28. Ke2 h6 29. h4 Rb6 30. Rg1 Rf8 31. Rgf1 Kf7 32. g5 hxg5 33. hxg5 Rh8 34. Kd2 Rh2+ 35. Kc3 Rg2 36. gxf6 Rxf6 37. Rxf6+ gxf6 38. Rc1 f5 39. exf5 Rg4 40. Re1 Kf6 41. Re4 Rf4 42. Kc4 Kxf5 43. Kd5 c6+ 44. Kxc5 Rxe4 45. dxe4+ Kxe4 46. b4 Kf4 47. b5 cxb5 48. axb5 e4 49. b6 e3 50. b7 e2 51. b8Q+ Ke3 52. Qg3+ Kd2 53. Qd3+ 1-0

[Event "BCF-chT2 0708 (4NCL)"]
[Site "Sunningdale"]
[Date "2007.09.16"]
[Round "2"]
[White "Ward, Christopher"]
[Black "Moore, John C"]
[Result "1-0"]
[WhiteElo "2439"]
[BlackElo "2052"]
[PlyCount "65"]
[EventDate "2007.09.15"]
[EventType "team-tourn"]
[EventRounds "11"]
[EventCountry "ENG"]
[SourceTitle "CBM 120 Extra"]
[Source "ChessBase"]
[SourceDate "2007.11.01"]
[SourceVersion "1"]
[SourceVersionDate "2007.11.01"]
[SourceQuality "1"]
[WhiteTeam "Pride and Prejudice"]
[BlackTeam "Barbican"]
[WhiteTeamCountry "ENG"]
[BlackTeamCountry "ENG"]

1. d4 d5 2. c4 c6 3. Nc3 Nf6 4. Nf3 e6 5. Bg5 dxc4 6. e4 b5 7. e5 h6 8. Bh4 g5 9. exf6 gxh4 10. Ne5 Qxf6 11. g3 Nd7 12. Nxc6 Bb7 13. Bg2 Bb4 14. 0-0 Bxc3 15. bxc3 Nb6 16. Qb1 h3 17. Be4 0-0 18. Qxb5 Rab8 19. Qh5 Bxc6 20. Bxc6 Rfc8 21. Be4 Qg5 22. Qxh3 f5 23. Bg2 Na4 24. Rae1 Nxc3 25. Rxe6 h5 26. Bf3 Nxa2 27. Bxh5 Rb6 28. Bg6 Qxg6 29. Rxg6+ Rxg6 30. Qxf5 Rgc6 31. d5 Rc5 32. Qe6+ Kg7 33. d6 1-0

[Event "BCF-chT2 0607 (4NCL)"]
[Site "Sunningdale"]
[Date "2007.05.06"]
[Round "10.7"]
[White "Barrett, Stephen J"]
[Black "Moore, John C"]
[Result "1/2-1/2"]
[WhiteElo "2200"]
[BlackElo "2033"]
[PlyCount "63"]
[EventDate "2006.09.16"]
[EventType "team"]
[EventRounds "11"]
[EventCountry "ENG"]
[SourceTitle "EXT 2008"]
[Source "ChessBase"]
[SourceDate "2007.11.25"]
[SourceVersion "1"]
[SourceVersionDate "2007.11.25"]
[SourceQuality "1"]
[WhiteTeam "White Rose"]
[BlackTeam "Barbican Youth"]
[WhiteTeamCountry "ENG"]
[BlackTeamCountry "ENG"]

1. d4 d5 2. c4 c6 3. Nc3 Nf6 4. Bg5 e6 5. e3 Nbd7 6. Nf3 Qa5 7. Qb3 Ne4 8. Bf4 Bb4 9. Rc1 Nb6 10. Bc7 Nxc3 11. bxc3 Qa3 12. Qc2 Ba5 13. c5 Nd7 14. Bf4 Bd8 15. Bd3 b6 16. 0-0 bxc5 17. c4 Ba6 18. e4 cxd4 19. exd5 cxd5 20. Nxd4 Rc8 21. Rfe1 Bf6 22. Nxe6 fxe6 23. Rxe6+ Kf7 24. Bxh7 Rxh7 25. Qxh7 Kxe6 26. Re1+ Kf7 27. Qh5+ Kg8 28. Qxd5+ Kh7 29. Qh5+ Kg8 30. Qd5+ Kh7 31. Qh5+ Kg8 32. Qd5+ 1/2-1/2

[Event "Southend op"]
[Site "Southend"]
[Date "2007.04.07"]
[Round "3"]
[White "Hebbes, Tim"]
[Black "Moore, John C"]
[Result "1/2-1/2"]
[WhiteElo "2092"]
[BlackElo "2033"]
[PlyCount "67"]
[EventDate "2007.04.06"]
[EventType "swiss"]
[EventRounds "7"]
[EventCountry "ENG"]
[SourceTitle "CBM 117 Extra"]
[Source "ChessBase"]
[SourceDate "2007.05.09"]
[SourceVersion "1"]
[SourceVersionDate "2007.05.09"]
[SourceQuality "1"]

1. d4 d5 2. c4 c6 3. e3 Nf6 4. Nc3 e6 5. Nf3 Nbd7 6. Bd3 dxc4 7. Bxc4 b5 8. Bd3 Bb7 9. 0-0 b4 10. Na4 c5 11. dxc5 Nxc5 12. Nxc5 Bxc5 13. Bb5+ Ke7 14. Qe2 Qb6 15. Bc4 a5 16. b3 a4 17. Bb2 a3 18. Be5 Rhg8 19. Rfd1 Ne4 20. Rac1 f6 21. Ba1 Rgd8 22. Nd4 Bd5 23. Qg4 g6 24. Qh4 h5 25. Bd3 g5 26. Qxh5 Rh8 27. Qe2 Qd6 28. g3 Rxh2 29. Bxe4 Bxe4 30. Nf3 Qxg3+ 31. fxg3 Rxe2 32. Rxc5 Bxf3 33. Rc7+ Ke8 34. Rdd7 1/2-1/2

[Event "BCF-chT2 0607 (4NCL)"]
[Site "Sunningdale"]
[Date "2007.01.14"]
[Round "6.7"]
[White "Baruch, Andrew JD"]
[Black "Moore, John C"]
[Result "1/2-1/2"]
[WhiteElo "2085"]
[BlackElo "2032"]
[PlyCount "55"]
[EventDate "2006.09.16"]
[EventType "team"]
[EventRounds "11"]
[EventCountry "ENG"]
[SourceTitle "EXT 2008"]
[Source "ChessBase"]
[SourceDate "2007.11.25"]
[SourceVersion "1"]
[SourceVersionDate "2007.11.25"]
[SourceQuality "1"]
[WhiteTeam "Warwicks Select"]
[BlackTeam "Barbican Youth"]
[WhiteTeamCountry "ENG"]
[BlackTeamCountry "ENG"]

1. e4 e5 2. Nf3 Nc6 3. Bb5 a6 4. Ba4 Nf6 5. d3 d6 6. c3 Be7 7. Nbd2 0-0 8. Nf1 b5 9. Bb3 Na5 10. Bc2 c5 11. Ng3 Nc6 12. 0-0 Bd7 13. h3 Be6 14. Ng5 d5 15. Nxe6 fxe6 16. exd5 exd5 17. Nf5 c4 18. Nxe7+ Qxe7 19. a4 d4 20. axb5 axb5 21. Rxa8 Rxa8 22. Re1 Qd6 23. cxd4 exd4 24. Bg5 Rf8 25. Bb1 Nb4 26. Qd2 Nxd3 27. Bxd3 cxd3 28. Qxd3 1/2-1/2

[Event "Southend op-B"]
[Site "Southend"]
[Date "2006.04.17"]
[Round "7"]
[White "Moore, John C"]
[Black "Feavyour, John"]
[Result "1/2-1/2"]
[WhiteElo "2048"]
[BlackElo "2084"]
[PlyCount "56"]
[EventDate "2006.04.14"]
[EventType "swiss"]
[EventRounds "7"]
[EventCountry "ENG"]
[SourceTitle "EXT 2007"]
[Source "ChessBase"]
[SourceDate "2006.11.23"]
[SourceVersion "1"]
[SourceVersionDate "2006.11.23"]
[SourceQuality "1"]

1. e4 e6 2. d4 d5 3. Nc3 Bb4 4. e5 c5 5. a3 Ba5 6. b4 cxd4 7. Nb5 Bc7 8. f4 Ne7 9. Nf3 a6 10. Nbxd4 Nbc6 11. Be3 0-0 12. Bd3 g6 13. c3 Bd7 14. h4 Nxd4 15. cxd4 Nf5 16. Bf2 h5 17. Ng5 Bb5 18. Bxb5 axb5 19. g4 Ng7 20. gxh5 Nxh5 21. Qg4 Qd7 22. Rg1 Bb6 23. Nxf7 Nxf4 24. Qxf4 Qxf7 25. Qxf7+ Kxf7 26. Rg3 Kg7 27. Be3 Kh7 28. Ke2 Rac8 1/2-1/2

[Event "BCF-chT 0506 (4NCL)"]
[Site "Birmingham"]
[Date "2006.03.04"]
[Round "7.7"]
[White "Ward, Christopher"]
[Black "Moore, John C"]
[Result "1-0"]
[WhiteElo "2475"]
[BlackElo "2048"]
[PlyCount "113"]
[EventDate "2005.10.22"]
[EventType "team"]
[EventRounds "11"]
[EventCountry "ENG"]
[SourceTitle "EXT 2007"]
[Source "ChessBase"]
[SourceDate "2006.11.23"]
[SourceVersion "1"]
[SourceVersionDate "2006.11.23"]
[SourceQuality "1"]
[WhiteTeam "Wood Green"]
[BlackTeam "Barbican II"]
[WhiteTeamCountry "ENG"]
[BlackTeamCountry "ENG"]

1. d4 d5 2. c4 c6 3. Nc3 Nf6 4. e3 e6 5. Nf3 Nbd7 6. Qc2 Bd6 7. g4 Nxg4 8. Rg1 f5 9. h3 Ngf6 10. Rxg7 Ne4 11. Bd2 Qf6 12. Rg2 Qh6 13. 0-0-0 Ndf6 14. Ne5 Bd7 15. Qb3 Nxd2 16. Rxd2 b6 17. f4 Ke7 18. Rg5 Rhg8 19. Rdg2 Qh4 20. Nf3 Qh6 21. a3 Rg6 22. Ne5 Bxe5 23. dxe5 Ne4 24. Nxe4 dxe4 25. Qd1 Rd8 26. Qd6+ Ke8 27. R2g3 Qh4 28. Be2 Rxg5 29. Rxg5 Qe1+ 30. Qd1 Qxd1+ 31. Bxd1 Kf8 32. c5 Be8 33. Bb3 Bf7 34. Bc4 bxc5 35. Rg2 Ke7 36. Rg7 Rh8 37. Kc2 Kf8 38. Rg2 Ke7 39. Kc3 Rd8 40. Rg7 Rh8 41. Ba6 Kf8 42. Rg2 Ke7 43. Kc4 Rb8 44. Kxc5 Rb3 45. Re2 Bh5 46. Bc4 Rb8 47. Rg2 Bg6 48. b3 Rc8 49. Rd2 Be8 50. h4 Rc7 51. Rg2 Bg6 52. Rg5 Rc8 53. a4 Rc7 54. a5 Rc8 55. a6 Rc7 56. h5 Bf7 57. Rg7 1-0

[Event "Southend op"]
[Site "London"]
[Date "2003.04.20"]
[Round "6"]
[White "Gregory, Stephen J"]
[Black "Moore, John C"]
[Result "1-0"]
[WhiteElo "2144"]
[BlackElo "2093"]
[PlyCount "67"]
[EventDate "2003.04.18"]
[EventType "swiss"]
[EventRounds "7"]
[EventCountry "ENG"]
[SourceTitle "EXT 2006"]
[Source "ChessBase"]
[SourceDate "2005.11.24"]
[SourceVersion "1"]
[SourceVersionDate "2005.11.24"]
[SourceQuality "1"]

1. e4 Nf6 2. e5 Nd5 3. Qf3 e6 4. d4 d6 5. Nh3 dxe5 6. dxe5 Nc6 7. Qe4 Nde7 8. Nc3 Qd4 9. Qxd4 Nxd4 10. Bd3 Nec6 11. Be3 f6 12. exf6 gxf6 13. Nf4 Bd6 14. Nh5 Kf7 15. 0-0-0 e5 16. h3 Be6 17. f4 Rad8 18. Rhf1 exf4 19. Bxf4 f5 20. g4 Bxf4+ 21. Rxf4 Kg6 22. gxf5+ Kxh5 23. fxe6 Nxe6 24. Be2+ Kg5 25. Rg4+ Kf6 26. Rf1+ Ke7 27. Re4 Rd4 28. Re3 h5 29. Re1 Ncd8 30. b3 c6 31. Bc4 Rh6 32. Ne2 Rd6 33. Ng3 Rg6 34. Nf5+ 1-0

[Event "BCF-chT2 0102 (4NCL)"]
[Site "Birmingham"]
[Date "2002.05.06"]
[Round "11.7"]
[White "Okike, David"]
[Black "Moore, John C"]
[Result "1-0"]
[WhiteElo "2149"]
[BlackElo "2112"]
[PlyCount "85"]
[EventDate "2001.09.22"]
[EventType "team"]
[EventRounds "11"]
[EventCountry "ENG"]
[SourceTitle "EXT 2003"]
[Source "ChessBase"]
[SourceDate "2002.11.25"]
[SourceVersion "1"]
[SourceVersionDate "2002.11.25"]
[SourceQuality "1"]
[WhiteTeam "Kings Head"]
[BlackTeam "Barbican III"]
[WhiteTeamCountry "ENG"]
[BlackTeamCountry "ENG"]

1. e4 Nf6 2. e5 Nd5 3. d4 d6 4. Nf3 Bg4 5. Bc4 e6 6. exd6 Bxd6 7. 0-0 0-0 8. h3 Bh5 9. Nbd2 Nc6 10. c3 Bg6 11. Re1 Nb6 12. Bb5 Ne7 13. Ne4 c6 14. Nxd6 Qxd6 15. Bf1 Nbd5 16. Ne5 Bf5 17. Bd2 b5 18. a4 a6 19. b3 Nf6 20. g4 Bg6 21. Bf4 Qd8 22. c4 bxc4 23. bxc4 Nd7 24. Nf3 Rc8 25. Bd6 Nf6 26. c5 Ne4 27. Bxa6 Nxd6 28. cxd6 Qxd6 29. Bxc8 Rxc8 30. a5 Nd5 31. Ne5 Nf4 32. Qf3 Qxd4 33. Rad1 Qa4 34. Nxc6 Kf8 35. Rd4 Nxh3+ 36. Qxh3 Qxc6 37. Qa3+ Kg8 38. a6 Qb6 39. Rb4 Qa7 40. Rb7 Qd4 41. a7 Qxg4+ 42. Qg3 Qc4 43. Rb8 1-0

[Event "Southend op"]
[Site "London"]
[Date "2002.03.30"]
[Round "4"]
[White "Moore, John C"]
[Black "Pert, Richard G"]
[Result "1/2-1/2"]
[WhiteElo "2112"]
[BlackElo "2302"]
[PlyCount "22"]
[EventDate "2002.03.29"]
[EventType "swiss"]
[EventRounds "7"]
[EventCountry "ENG"]
[SourceTitle "EXT 2006"]
[Source "ChessBase"]
[SourceDate "2005.11.24"]
[SourceVersion "1"]
[SourceVersionDate "2005.11.24"]
[SourceQuality "1"]

1. e4 c5 2. Nc3 Nc6 3. g3 g6 4. Bg2 Bg7 5. d3 d6 6. f4 e6 7. Nf3 Nge7 8. 0-0 0-0 9. Be3 Nd4 10. Rb1 Nec6 11. Ne2 Nxf3+ 1/2-1/2